000 01784nam a2200409Ia 4500
001 vtls003203835
003 MY-SjTCS
005 20200306164223.0
006 m u
007 cr cn|||||||||
008 100712s2008 enka sb 001 0 eng d
020 _z9781843923183 (hbk.)
020 _z1843923181 (hbk.)
035 _a(CaPaEBR)ebr10294460
039 9 _a201208031114
_bstazrina
_y201007121811
_zVLOAD
040 _aCaPaEBR
_cCaPaEBR
050 1 4 _aHV7431
_b.G7274 2008eb
100 1 _aGraham, Kathryn Marie.
_9247843
245 1 0 _aRaising the bar
_h[electronic resource] :
_bpreventing aggression in and around bars, pubs and clubs /
_cKathryn Graham and Ross Homel.
246 3 0 _aPreventing aggression in and around bars, pubs and clubs
260 _aCullompton, UK ;
_aPortland, Or. :
_bWillan,
_c2008.
300 _axx, 296 p. :
_bill.
490 1 _aCrime science series
504 _aIncludes bibliographical references (p. 263-285) and index.
529 _aTSLHHL
533 _aElectronic reproduction.
_bPalo Alto, Calif. :
_cebrary,
_d2009.
_nAvailable via World Wide Web.
_nAccess may be limited to ebrary affiliated libraries.
650 0 _aCrime prevention.
_9208675
650 0 _aViolence.
_9203916
650 0 _aViolence
_xPrevention.
_9247844
650 0 _aAlcohol
_xPhysiological effect.
_916877
650 0 _aBars (Drinking establishments)
_916306
655 7 _aElectronic books.
_2local
_9201578
700 1 _aHomel, Ross.
_9247845
710 2 _aebrary, Inc.
_925628
830 0 _aCrime science series (Willan Publishing)
_9247846
856 4 0 _uhttps://ezproxy.taylors.edu.my/login?url=http://site.ebrary.com/lib/alltitles/docDetail.action?docID=10294460&p00=raising%20bar
_zAn electronic book accessible through the World Wide Web; click to view
999 _c48425